Lataa...
Musical offenngs for community singing /
| Päätekijä: | |
|---|---|
| Aineistotyyppi: | Printed Book |
| Kieli: | English |
| Julkaistu: |
Bombay :
Arun Sangeetalya,
1971.
|
| LEADER | 00406nam a2200121Ia 4500 | ||
|---|---|---|---|
| 008 | 150624b xxu||||| |||| 00| 0 eng d | ||
| 100 | |a Paranjoti, Vector | ||
| 245 | |a Musical offenngs for community singing / |c Vector Paranjoti | ||
| 260 | |a Bombay : |b Arun Sangeetalya, |c 1971. | ||
| 300 | |a 80 p. | ||
| 942 | |c BK | ||
| 999 | |c 20739 |d 20739 | ||
| 952 | |0 1 |1 0 |4 0 |7 0 |9 20738 |a UL |b UL |c ST2 |d 1998-09-01 |l 0 |p 30705 |r 2012-10-27 |w 2012-10-27 |y BK | ||